000 00803nam a2200205Ii 4500
003 JO-AjNU
008 230605s9999||||xx |||||||||||||| ||und||
040 _aJO-AjNU
_bara
_erda
_cJO-AjNU
041 _aara
050 1 4 _aPN241.A9 2004
100 3 _aالعظمة،نذير,
_eauthor
_910972
245 0 0 _aالماسة وإزميل الترجمة: ترجمة شعرية عربية كاملة لأغاني البراءة والتجربة لوليم بليك ، تجربة إبداعية في فضاء الترجمة
250 _aط1
264 3 1 _aدمشق:وزارة الثقافة، 2004
300 _a191ص
336 _atext
_btxt
_2rdacontent
337 _aunmediated
_bn
_2rdamedia
338 _avolume
_bnc
_2rdacarrier
650 4 _aالشعر العربي - ترجمة - وليم بليك
_910973
999 _aA2083
_c5651
_d5651